La ciudad de Barcelona (Record no. 44231)

MARC details
000 -LEADER
campo de control de longitud fija 00351nam a2200133 i 4500
001 - NÚMERO DE CONTROL
campo de control 44231
003 - IDENTIFICADOR DE NÚMERO DE CONTROL
campo de control ES-MaACL
007 - CAMPO FIJO DE DESCRIPCIÓN FÍSICA--INFORMACIÓN GENERAL
campo de control de longitud fija t|
008 - DATOS DE LONGITUD FIJA--INFORMACIÓN GENERAL
campo de control de longitud fija 030320q19001999sp ||||1| spa d
245 03 - MENCIÓN DEL TÍTULO
Título La ciudad de Barcelona
Resto del título : itinerarios prácticos.
260 ## - PUBLICACIÓN, DISTRIBUCIÓN, ETC.
Lugar de publicación, distribución, etc. Barcelona :
Nombre del editor, distribuidor, etc. Antonio López,
Fecha de publicación, distribución, etc. [19--?]
300 ## - DESCRIPCIÓN FÍSICA
Extensión 174 p. ;
Dimensiones 16 cm.
852 ## - LOCALIZACIÓN
Ubicación ES-MaACL
Número de control de estantería G-343
Holdings
Estatus retirado Estado de pérdida Estado de daño No para préstamo Colección Biblioteca de origen Biblioteca actual Ubicación en estantería Fecha de adquisición Fuente de adquisición Total de préstamos Signatura topográfica completa Código de barras Visto por última vez Precio de reemplazo Tipo de ítem Koha
        Libros del s. XIX Biblioteca del Ateneo de Madrid Biblioteca del Ateneo de Madrid Depósito 2 17/01/2008     G-343 1046550 23/02/2023 23/02/2023 Libro impreso antiguo